00800 2200313 4500001002100000005001500021035002000036007000300056040001700059100002900076245003300105250001200138300003200150020001800182041000800200082000600208084001200214090001700226264003900243336002100282337003000303338002300333650001000356850001000366008004100376990002300417990002300440990002300463INLIS00000000000662320260411070337 a0010-0522000070ta aSBPUPADbind0 aSarjoni BasriePengarang1 aKamus Kimia /cSarjoni Basri a.-cet.2 av,246 hlm. :bilus. ;c21cm a979-518-642-60 aind aR aR SAR k aR SAR k L3-3 a.--Jakarta :bRinneka Cipta,c2003 2rdacontentaTeks 2rdamediaaTanpa Perantara 2rdacarrieravolume 4aKamus aPUPAD260411 0  a3277/Br/ARPUS/2007 a3276/Br/ARPUS/2007 a3275/Br/ARPUS/2007